| 000 | 00000nam 2200000za 4500 |
| 001 | 9.866872 |
| 003 | CaOODSP |
| 005 | 20221107162149 |
| 007 | cr ||||||||||| |
| 008 | 190116s2017 onco o f000 0 eng d |
| 040 | |aCaOODSP|beng |
| 043 | |an-cn--- |
| 086 | 1 |aCP22-173/2017E-PDF |
| 245 | 00|aBehavioural insights project |h[electronic resource] : |bincreasing recruitment of women into the Canadian Armed Forces / |cInnovation Hub, Privy Council Office. |
| 246 | 10|aIncreasing recruitment of women into the Canadian Armed Forces |
| 260 | |a[Ottawa] : |bGovernment of Canada, |c[2017] |
| 300 | |a10 p. : |bcol. photogr. |
| 500 | |aIssued also in French under title: Projet d’introspection comportementale: recruter davantage de femmes dans les forces armées canadiennes. |
| 500 | |aCover title. |
| 500 | |aIssued also in HTML format. |
| 520 | |a"In November 2015, the Canadian Armed Forces (CAF) approached the Privy Council Office’s Innovation Hub (the Hub) for consultation on how to increase the number of women in the CAF. The Chief of the Defence Staff has set a target to increase the percentage of women in the CAF from the current 15 % to at least 25.1 % by 2026. A research project was designed by the Hub to support this important goal using behavioural insights (BI), a multidisciplinary approach that applies knowledge and tools from the behavioural sciences, including behavioural economics, psychology, and social marketing, to encourage positive changes in behaviour"--Executive summary, p. 3. |
| 692 | 07|2gccst|aWomen |
| 692 | 07|2gccst|aArmed forces |
| 710 | 1 |aCanada. |bPrivy Council Office. |
| 775 | 08|tProjet d’introspection comportementale |w(CaOODSP)9.867158 |
| 856 | 40|qPDF|s3.45 MB|uhttps://publications.gc.ca/collections/collection_2019/bcp-pco/CP22-173-2017-eng.pdf |
| 856 | 4 |qHTML|sN/A|uhttps://www.canada.ca/en/innovation-hub/services/reports-resources/increasing-recruitment-women-canadian-armed-forces-june-2017.html |